The marquise went out at five /

Saved in:
Bibliographic Details
Main Author: Mauriac, Claude, 1910-
Format: Book
Language:English
French
Published: London : Calders and Boyars, 1966.
LEADER 01016cam a2200253 a 4500
001 c000107510
003 CARM
005 19871231000000.0
008 891023s1966 enkb 000 1 eng d
019 1 |a 7745948  |5 LACONCORD2021 
035 |a (OCoLC)59028157  |5 LACONCORD2021 
040 |a NZOC  |b eng  |c NZOC 
041 1 |a eng  |h fre 
050 1 4 |a PQ2625.A929 
100 1 |a Mauriac, Claude,  |d 1910- 
240 1 0 |a Marquise sortit a cinq heures.  |l English 
245 1 4 |a The marquise went out at five /  |c Claude Mauriac ; translated by Richard Howard. 
260 |a London :  |b Calders and Boyars,  |c 1966. 
300 |a 311 p. :  |b map ;  |c 21 cm. 
500 |a Translation of: La marquise sortit a cinq heures. 
500 |a Originally published in this translation: New York : G. Braziller, 1962. 
852 8 |b CARM  |h A2:AG06B0  |i B02245  |p 0154804  |f BK 
999 f f |i b42ff57f-aace-5920-9769-a2dd5f3df429  |s e791f251-f20f-523d-a6a7-6013309ef5b8 
952 f f |p Can circulate  |a CAVAL  |b CAVAL  |c CAVAL  |d CARM 1 Store  |e B02245  |f A2:AG06B0  |h Other scheme  |i book  |m 0154804